13-Letter Vocabulary (Medium) Quiz Stats

 Plays Quiz Updated Jun 23, 2017

Support Sporcle.
Go Orange.
Score 0/25 Timer 06:00
0 Plays Today
% Correct
mummification
94.8%
quadrilateral
94.6%
inappropriate
94.5%
ambidexterity
94.5%
teleportation
94.2%
underestimate
94.1%
psychotherapy
94%
valedictorian
93.9%
procrastinate
93.8%
thunderstruck
93.6%
circumference
93.6%
approximation
93.4%
confrontation
93%
% Correct
ventriloquism
92.9%
schizophrenia
92.9%
gratification
92.5%
vulnerability
92.2%
extraordinary
92.2%
accommodation
91.8%
counterattack
91.6%
justification
91.4%
paraphernalia
91%
philosophical
90.3%
hallucination
88.5%
manifestation
73.2%

You're not logged in!

Compare scores with friends on all Sporcle quizzes.
OR
Log In
Forgot?

From the Vault

TFA Recruits by College

by thinkblue87

Ironically TFA founder Wendy Kopp's alma mater is not on this list.
Remove Ads.
Support Sporcle.
Get the best of Sporcle when you Go Orange. This ad-free experience offers more features, more stats, and more fun while also helping to support Sporcle. Thank you for becoming a member.

Show Comments

Extras

Top Quizzes Today


Score Distribution

Your Account Isn't Verified!

In order to create a playlist on Sporcle, you need to verify the email address you used during registration. Go to your Sporcle Settings to finish the process.

Report this User

Report this user for behavior that violates our Community Guidelines.

Details: